000 00213 a2200097 4500
001 30193
100 _aLondon Jack
245 _aThe call of the wild
260 _aLondon
_bOctopus Books
_c
090 _c20136
_d20136
942 _aNUST-CAE
_cM
_c11266
999 _c265266
_d265266